Casino Games by Picture - Statistics

General Stats
  • This quiz has been taken 265 times
  • The average score is 7 of 12
Answer Stats
Picture Answer % Correct
Roulette
98%
Poker
95%
Blackjack
94%
Slot Machines
91%
Bingo
81%
Craps
63%
Mahjong
48%
Baccarat
41%
Off-Track Betting
40%
Keno
23%
Pachinko
15%
Big Six Wheel
10%
No matching quizzes found
Score Distribution
Percent of People with Each Score
Percentile by Number Answered
Your Score History
You have not taken this quiz